Top Songs Of 2023 - Guess The Artist - Statistics

General Stats
  • This quiz has been taken 48 times
  • The average score is 16 of 30
Answer Stats
Hint Answer % Correct
Used To Be Young Miley Cyrus
81%
Flowers Miley Cyrus
81%
Vampire Olivia Rodrigo
77%
Get Him Back! Olivia Rodrigo
77%
Snooze SZA
74%
Kill Bill SZA
74%
What Was I Made For? Billie Eilish
72%
Is It Over Now? Taylor Swift
72%
Agora Hills Doja Cat
70%
Paint The Town Red Doja Cat
70%
I'm Just Ken Ryan Gosling
67%
Karma Taylor Swift ft. Ice Spice
60%
Dance The Night Dua Lipa
58%
Boy's A Liar, Pt. 2 PinkPantheress & Ice Spice
58%
Water Tyla
58%
Nonsense Sabrina Carpenter
56%
Escapism Raye ft. 070 Shake
53%
Greedy Tate McRae
51%
Creepin Metro Boomin, The Weeknd, 21 Savage
49%
I'm Good (Blue) David Guetta & Bebe Rexha
40%
My Love Mine All Mine Mitski
37%
Calm Down Rema & Selena Gomez
35%
Dial Drunk Noah Kahan ft. Post Malone
30%
Rush Troye Sivan
30%
Monaco Bad Bunny
26%
Players Coi Leray
26%
What It Is (Block Boy) Doechii ft. Kodak Black
23%
Fast Car Luke Combs
23%
Bzrp Music Sessions, Vol. 53 (Pa' tipos como tú) Bizarrap & Shakira
19%
Cupid Fifty Fifty
16%
No matching quizzes found
Score Distribution
Percent of People with Each Score
Percentile by Number Answered
Your Score History
You have not taken this quiz